Microsoft Office 365 ; Word 2016 : (Record no. 18631)
[ view plain ]
| 000 -LEADER | |
|---|---|
| fixed length control field | 00995cam a22003017i 4500 |
| 005 - DATE AND TIME OF LATEST TRANSACTION | |
| control field | 20230607115603.0 |
| 008 - FIXED-LENGTH DATA ELEMENTS--GENERAL INFORMATION | |
| fixed length control field | 160201s2016 at 001 0 eng |
| 010 ## - LIBRARY OF CONGRESS CONTROL NUMBER | |
| LC control number | 2016932225 |
| 020 ## - INTERNATIONAL STANDARD BOOK NUMBER | |
| ISBN | 9781305878297 |
| Qualifying information | (pbk.) |
| 040 ## - CATALOGING SOURCE | |
| Original cataloging agency | DLC |
| Language of cataloging | eng |
| Description conventions | rda |
| Transcribing agency | DLC |
| 050 00 - LIBRARY OF CONGRESS CALL NUMBER | |
| Classification number | MLCM 2019/44558 (T) |
| 082 ## - DEWEY DECIMAL CLASSIFICATION NUMBER | |
| Classification number | 004.64 |
| Item number | DUF-M |
| 100 1# - MAIN ENTRY--AUTHOR | |
| Author Name | Duffy, Jennifer A., |
| 245 10 - TITLE STATEMENT | |
| Title | Microsoft Office 365 ; Word 2016 : |
| Remainder of title | intermediate / |
| Statement of responsibility, etc. | Jennifer Duffy . |
| 260 ## - PUBLICATION, DISTRIBUTION, ETC. | |
| Place of Publication | USA |
| Name of publisher, distributor, etc. | Cengage |
| Date of publication, distribution, etc. | c2017 |
| 300 ## - PHYSICAL DESCRIPTION | |
| Pages | 1 volume [various pagings] : |
| 336 ## - CONTENT TYPE | |
| Content type term | text |
| Content type code | txt |
| Source | rdacontent |
| 337 ## - MEDIA TYPE | |
| Media type term | unmediated |
| Media type code | n |
| Source | rdamedia |
| 338 ## - CARRIER TYPE | |
| Carrier type term | volume |
| Carrier type code | nc |
| Source | rdacarrier |
| 490 0# - SERIES STATEMENT | |
| Series Statement | Illustrated series |
| 500 ## - GENERAL NOTE | |
| General note | Minimal Level Cataloging Plus. |
| Institution to which field applies | DLC |
| 500 ## - GENERAL NOTE | |
| General note | Includes index. |
| 650 ## - SUBJECT ADDED ENTRY--TOPICAL TERM | |
| Subject / Department | Microsoft Office |
| 264 #1 - PRODUCTION, PUBLICATION, DISTRIBUTION, MANUFACTURE, AND COPYRIGHT NOTICE | |
| Place of production, publication, distribution, manufacture | Australia : |
| Name of producer, publisher, distributor, manufacturer | Cengage Learning, |
| Date of production, publication, distribution, manufacture, or copyright notice | [2016] |
| 300 ## - PHYSICAL DESCRIPTION | |
| -- | color illustrations ; |
| -- | 28 cm. |
| 906 ## - LOCAL DATA ELEMENT F, LDF (RLIN) | |
| a | 7 |
| b | cbc |
| c | orignew |
| d | 4 |
| e | epcn |
| f | 20 |
| g | y-gencatlg |
| 952 ## - LOCATION AND ITEM INFORMATION (KOHA) | |
| -- | 0 |
| -- | 0 |
| Lost status | Damaged status | Collection code | Permanent Location | Current Location | Shelving Location | Date acquired | Full Call Number | Accession No./Barcode | Date last seen | item type | Koha item type |
|---|---|---|---|---|---|---|---|---|---|---|---|
| CS/IT | Superior Information Resource Center (SIRC) Superior University- Gold Campus | Superior Information Resource Center (SIRC) Superior University- Gold Campus | Microsoft Office | 06/07/2023 | 004.64 DUF-M 2017 | 19264 | 06/07/2023 | BOOK | BOOK |
